<The> Position and Strategy of Serbia in the New European Order

Saved in:
Bibliographic Details
Other Authors: Popovic', Tomislav
Format: Book
Language:English
Published: Belgrade Institute of Economic Sciences 1992
Edition:1. ed.
Series:Economy in the 90'S
Subjects:
Tags: Add Tag
No Tags, Be the first to tag this record!

MARC

LEADER 00000nam a2200000 4500
001 c003092
005 20221206083454.8
020 |a 86-80315-06-0 
041 0 |a eng 
044 |a YU 
245 1 0 |a <The> Position and Strategy of Serbia in the New European Order  |c Edit. Tomislav Popovic' 
250 |a 1. ed. 
264 1 |a Belgrade  |b Institute of Economic Sciences  |c 1992 
300 |a 169 s. 
490 1 |a Economy in the 90'S 
830 0 |a Economy in the 90'S 
610 2 0 |a situácia hospodárska 
610 2 0 |a stratégia hospodárska 
610 2 0 |a Srbsko 
610 2 0 |a Európa 
610 2 0 |a vývoj hospodársky 
610 2 0 |a politika 
610 2 0 |a vzťahy hospodárske medzinárodné 
700 1 |a Popovic', Tomislav